ARRUPE JESUIT UNIVERSITY

CORONAVIRUS -STOP THE SPREAD - CLEAN,DISINFECT,COVER

Portrait of New York. (Record no. 119093)

MARC details
000 -LEADER
fixed length control field 00837mam a2200277 4500
001 - CONTROL NUMBER
control field 1166845
003 - CONTROL NUMBER IDENTIFIER
control field ARRUPE
005 - DATE AND TIME OF LATEST TRANSACTION
control field 20131205131227.0
008 - FIXED-LENGTH DATA ELEMENTS--GENERAL INFORMATION
fixed length control field 750808s1948 enk 000 0 eng
010 ## - LIBRARY OF CONGRESS CONTROL NUMBER
LC control number 49000906
035 ## - SYSTEM CONTROL NUMBER
System control number (OCoLC)ocm01525808
035 ## - SYSTEM CONTROL NUMBER
System control number (NNC)1166845
040 ## - CATALOGING SOURCE
Original cataloging agency DLC
Transcribing agency GUA
Modifying agency OCL
050 0# - LIBRARY OF CONGRESS CALL NUMBER
Classification number F128.5
Item number .B34 1948
082 ## - DEWEY DECIMAL CLASSIFICATION NUMBER
Classification number 917.471
300 ## - PHYSICAL DESCRIPTION
Other physical details illus.
Dimensions 23 cm.
100 1# - MAIN ENTRY--PERSONAL NAME
Personal name Beaton, Cecil,
Dates associated with a name 1904-1980.
9 (RLIN) 5172
245 10 - TITLE STATEMENT
Title Portrait of New York.
260 ## - PUBLICATION, DISTRIBUTION, ETC. (IMPRINT)
Place of publication, distribution, etc London,
-- New York,
Name of publisher, distributor, etc B.T. Batsford
Date of publication, distribution, etc [1948]
300 ## - PHYSICAL DESCRIPTION
Extent 135 p.
500 ## - GENERAL NOTE
General note A revision of the author's Cecil Beaton's New York, 1938.
651 #0 - SUBJECT ADDED ENTRY--GEOGRAPHIC NAME
Geographic name New York (N.Y.)
General subdivision Description and travel.
9 (RLIN) 5173
651 #0 - SUBJECT ADDED ENTRY--GEOGRAPHIC NAME
Geographic name New York (N.Y.)
General subdivision Social life and customs.
9 (RLIN) 5174
942 ## - ADDED ENTRY ELEMENTS (KOHA)
Source of classification or shelving scheme Library of Congress Classification
Koha item type Monograph ( Printed materials)
948 2# - LOCAL PROCESSING INFORMATION (OCLC); SERIES PART DESIGNATOR (RLIN)
Series part designator, SPT (RLIN) 20121012
b (OCLC) a
c (OCLC) durst2
d (OCLC) AVC

No items available.

 

Arrupe Library. PO Box MP320 Mt Pleasant, Harare, Zimbabwe
263 242 745411|librarian@aju.ac.zw